书目信息 |
| 题名: |
奥林匹克运动与集邮
|
|
| 作者: | 苏肖晴 编著 | |
| 分册: | ||
| 出版信息: | 北京 大众文艺出版社 2006 |
|
| 页数: | 203页 | |
| 开本: | 19cm | |
| 丛书名: | 奥林匹克百科丛书 | |
| 单 册: | ||
| 中图分类: | G811.21 , G894.1 | |
| 科图分类: | ||
| 主题词: | 奥运会--关系--集邮 , 奥运会 , 集邮 | |
| 电子资源: | ||
| ISBN: | 7-80094-875-7 | |
| 000 | 00952oam2 2200301 45 | |
| 001 | 012006092501 | |
| 005 | 20070707103002.76 | |
| 010 | @a7-80094-875-7@dCNY158.00(共8册) | |
| 092 | @aCN@b505333 | |
| 100 | @a20060925d2006 em y0chiy0120 ea | |
| 101 | 0 | @achi |
| 102 | @aCN@b110000 | |
| 105 | @ay z 000yy | |
| 200 | 1 | @a奥林匹克运动与集邮@Aao lin pi ke yun dong yu ji you@f苏肖晴编著@Fsu xiao qing bian zhu |
| 205 | @a2版 | |
| 210 | @a北京@c大众文艺出版社@d2006 | |
| 215 | @a203页@d19cm | |
| 225 | 2 | @a奥林匹克百科丛书@h二 |
| 330 | @a本书包括:体育邮票拯救了奥运会、奥林匹克纪念邮票概况、奥林匹克集邮在中国、奥林匹克邮票欣赏、体育邮票上的“奥林匹克竞赛”等内容。 | |
| 461 | 0 | @12001 @a奥林匹克百科丛书 |
| 606 | 0 | @a奥运会@x关系@x集邮 |
| 606 | 0 | @a奥运会 |
| 606 | 0 | @a集邮 |
| 690 | @aG811.21@v4 | |
| 690 | @aG894.1@v4 | |
| 701 | 0 | @a苏肖晴@Asu xiao qing@4编著 |
| 801 | 0 | @aCN@bLZJBOOK@c20070707 |
| 905 | @a10447@dG811.21@e40=2 | |
| 奥林匹克运动与集邮/苏肖晴编著.-2版.-北京:大众文艺出版社,2006 |
| 203页;19cm.-(奥林匹克百科丛书.二) |
| ISBN 7-80094-875-7:CNY158.00(共8册) |
| 本书包括:体育邮票拯救了奥运会、奥林匹克纪念邮票概况、奥林匹克集邮在中国、奥林匹克邮票欣赏、体育邮票上的“奥林匹克竞赛”等内容。 |
| ● |
| 相关链接 |
|
|
|
|
正题名:奥林匹克运动与集邮
索取号:G811.21/40=2
 
预约/预借
| 序号 | 登录号 | 条形码 | 馆藏地/架位号 | 状态 | 备注 |
| 1 | 0565317 | 205653176 | 第一样本阅览室/ [索取号:G811.21/40=2] | 在馆 | |
| 2 | 0565318 | 205653185 | 第四借阅区/ [索取号:G811.21/40=2] | 在馆 | |
| 3 | 0565319 | 205653194 | 第四借阅区/ [索取号:G811.21/40=2] | 在馆 | |
| 4 | 0565320 | 205653201 | 密集书库/ [索取号:G811.21/40=2] | 在馆 | |
| 5 | 0565321 | 205653210 | 密集书库/ [索取号:G811.21/40=2] | 在馆 |